00293nam a2200121Ia 4500008004100000041000800041082001600049100001600065245002900081260003900110300001100149365001100160240624s9999 xx 000 0 und d aeng a891.46 YAD  aYADAV ANAND aSHEVATCHI LADHAI MARATHI c2012aPunebMehta Publishing House a118 p. cRSb25